000 00953nam a22003137a 4500
003 CHAP
005 20220817043049.0
008 971010s r 00010 d
010 _a64370
011 _a65342
035 _a71981
040 _cCHAP
082 _a595.77
_bD5
100 0 0 _aFelt, Ephraim Porter.
_940021
245 _aKey to gall midges (a resume of studies I-VII, itonidae)
260 _aNew York, University of the State of New York
300 _a239 p.
_b: il.
490 _aDiptera
_v; 1
590 _aBATCH-UPD
_b10
_c20130110
_lUCH01
_h0631
590 _aBATCH-UPD
_b10
_c20130410
_lUCH01
_h0314
590 _aBATCH-UPD
_b10
_c20130914
_lUCH01
_h0906
590 _aCONVERSION
_b10
_c20130109
_lUCH01
_h1335
650 1 4 _aCecidomyiidae.
_920826
650 1 4 _aDípteros
_xColecciones de escritos.
_933718
830 0 _aDiptera
_v; 1
901 _aBK
942 _cLIBRO
949 _a595.77 D5
_bBC
_cLIBRO
_d-4661
_eLIBRO
_f339
_i71981
_si
999 _c64370
_d64370